000 01413cam a22002775a 4500
001 L159398
008 170214s2017 xxk f 000 0 eng d
020 _a9781474137966
035 _a(Sirsi) u159398
041 0 _aeng
110 2 _aUnited Kingdom
_bDepartment for Communities and Local Government
_94939
245 0 0 _aFixing our broken housing market
260 _aLondon
_bDCLG
_c2017
490 0 _aCm
_v9362
520 _aSets out the Government?s four key proposals for boosting the supply of new homes in England. Planning for the right homes in the right places simplifies the planning system ensuring that local plans are in place and freeing up land for development. Building homes faster outlines steps to support developers and improve construction skills shortage. Diversifying the market recognises the need for houses to rent both in private and public sectors. Helping people now supports affordable home initiatives for purchase and renting. Consultation closes on 2 May 2017.
590 _aKA
650 2 4 _aWHITE PAPER
650 2 4 _aGREEN BELT
650 2 4 _aAFFORDABLE HOUSING
_96215
650 2 4 _aSOCIAL HOUSING
651 4 _aEngland
690 _aResidential property
_96266
690 _aPlanning and development
_96259
856 4 0 _uhttps://www.gov.uk/government/publications/fixing-our-broken-housing-market
_zView the item free of charge from www.gov.uk
942 _n0
999 _c115865
_d115865